000 01143nam a2200241Ia 4500
999 _c34737
_d34737
001 526
003 GE_BSU
005 20250331101113.0
008 181216s1997||||ge |||||||||||||| ||geo||
040 _cGE_BSU
041 _ageo
080 _a930.27(=353.1) დ-19
100 _aდანელია, კორნელი
_97597
245 _aქართული პალეოგრაფია
_cკორნელი დანელია; [რედ.: ბ. ჯორბენაძე]; თბილისის დამოუკ. უნ-ტი.
264 _aთბილისი :
_bნეკერი,
_c1997.
300 _a440 გვ.;
_b20 სმ.
504 _aბიბლიოგრ. სტატიების ბოლოს და ტექსტის შენიშვნ.
541 _h15 ლ.
653 _aსაქართველოს პალეოგრაფია
700 _aსარჯველაძე, ზურაბ
_eავტორი
_924716
856 _uhttps://dspace.nplg.gov.ge/bitstream/1234/431862/1/Qartuli_Paleografia_2003.pdf
_yელ. ვერსია
942 _cBK
_2udc